000 00786nam a22002537a 4500
001 BR8403293
003 BR-BrBNA
005 20230928091941.0
007 ta
008 230509b bl.||||| |||| 00| 0 por d
040 _aBR-BrBNA
_bpor
_cBiblioteca Nacional de Agricultura
041 _a(Por)
072 _aC00
_b/G514
090 _ C00 BR8403293
100 1 _aAmorese, R.M.
245 1 _aComunicacao participativa como pratica cultural. Um enfoque para extensionistas [Brasil]
260 3 _aBrasilia, DF (Brasil):
_bEmpresa Brasileira de Assistencia Tecnica e Extensao Rural,
_c1984.
300 _a126 p.
500 _aBibliography p. 115-126 (98 ref.)
650 _aEXTENSAO RURAL
650 _aCOMUNICACAO DE MASSA
909 _a202309
_bLucia
_c55
_dLucia Elande
942 _cBK
999 _c36369
_d36369